| 000 | 01005nam0a22002531 4500 | ||
|---|---|---|---|
| 001 | rc\749967 | ||
| 005 | 20260407104232.0 | ||
| 035 | _a(NLR Aleph) 006278567 | ||
| 090 |
_a7025175 _c7025175 |
||
| 100 | _a20040301d1985 |||y0rusy50 ca | ||
| 101 | 0 | _arus | |
| 102 | _aRU | ||
| 105 | _aa ||||||||| | ||
| 200 | 1 |
_aВопросы строительства и архитектуры Молдавии _e[Сб. ст.] _fКишин. политехн. ин-т им. С. Лазо _g[Редкол.: М.С. Вангели (отв. ред.) и др.] |
|
| 210 |
_aКишинев _cШтиинца _d1985 |
||
| 215 |
_a139 с. _cил. _d21 |
||
| 320 | _aБиблиогр. в конце ст. | ||
| 702 | 1 |
_aВангели _bМ.С. _gМихаил Семенович _4340 |
|
| 712 | 0 | 2 |
_aКишиневский политехнический институт им. С. Лазо _3RU\NLR\AUTH\889933778 _9362627 |
| 801 | 0 |
_aRU _bNLR _gpsbo |
|
| 801 | 1 |
_aRU _bELAR _2rusmarc |
|
| 852 |
_aNLR _j85-5/4971 |
||
| 942 | _cBOOK | ||
| 980 | _aNB | ||